Piłka nożna - Premier League kółko i krzyżyk vol.9 - Statystyki

Ogólne statystyki
  • Ten quiz został rozwiązany 635 razy
  • Średni wynik to 6 z 9
Statystyki odpowiedzi
Hint Odpowiedź % Poprawnych
City/Belgia Doku | De Bruyne | Boyata | Kompany | Mpenza | Van Buyten
91%
City/Portugalia Nunes | Dias | Cancelo | Silva | Lopes
90%
LFC/Portugalia Carvalho | Jota | Illori | Meireles | Xavier | Teixeira
80%
Arsenal/Belgia Trossard | Lokonga | Vermaelen
65%
Arsenal/WKS Pepe | Gervinho| Eboue | Toure
61%
City/WKS Bony | Razak | Toure | Toure
58%
LFC/WKS Toure
58%
LFC/Belgia Benteke | Origi | Mignolet
55%
Arsenal/Portugalia Vieira | Tavares | Cedric | Bischoff | Boa Morte
45%
Nie znaleziono quizów pasujących do podanych kryteriów
Rozkład punktacji
Procent ludzi z każdym wynikiem
Percentyl według liczby udzielonych odpowiedzi
Twoja historia wyników
Nie rozwiązałeś tego quizu